00276 2200121 4500001002100000005001500021008004100036035001900077082000900096100001600105245002300121260001000144INLIS00000000001494720241224114837241224||||||||| | ||| |||| ||  0010-12240149470 aNONE0 aRudi Aditia00aPengawetan Makanan aBogor